Представление документа в формате RUSMARC

ПолеНазваниеЗначение
  Тип записи a
  Библиографический уровень m
001 Контрольный номер RU/IS/BASE/584721583
005 Дата корректировки 20201206205138.6
010 Индекс ISBN __
a ISBN 978-5-386-10258-6 (в пер.)
d Цена 535-63
100 Данные общей обработки __
a Данные общей обработки 19180316d2017||||||| 0rusy0189 ca
101 Язык документа 0_
a Язык текста rus
102 Страна публикации __
a Страна публикации ru|
105 Кодированные данные (монография) __
a Кодированные данные (монография) a|||||||000zy
200 Заглавие и сведения об ответственности 1_
a Заглавие Сказка о потерянной осени
f Первые сведения об ответственности Петр Власов, Ольга Власова ; [художник Е. П. Гнедкова]
b Общее обозначение материала Текст
210 Выходные данные __
a Место издания Москва
c Издательство РИПОЛ классик
d Дата издания 2017
215 Физическое описание __
a Объем 206, [1] с.
c Иллюстрации/тип воспроизводства ил.
d Формат 22 см
330 Аннотация __
a Аннотация "Сказка о потерянной осени" - это волшебная романтическая история о рыжем мальчике Пьере Веснушке, его однокласснице Элли Синеглазке и их родном Городе, откуда давно ушла осень, и после лета сразу наступает суровая полугодовая зима...Это сказка о том, что Любовь и Мечта всегда смогут побороть Равнодушие и Глупость, а Красота найдёт место в мире...
333 Примечание о целевом назначении __
a Примечание о целевом назначении 12+. Для детей старше 12 лет
606 Тематические рубрики __
a Основная рубрика Художественная литература
606 Тематические рубрики __
a Основная рубрика Современная русская литература (произведения)
610 Ключевые слова __
a Ключевые слова детская литература
a Ключевые слова литература для детей
a Ключевые слова тема героев
a Ключевые слова тема истории
a Ключевые слова тема любви
a Ключевые слова тема мечты
a Ключевые слова тема приключений
a Ключевые слова тема сообразительности
a Ключевые слова тема храбрости
a Ключевые слова тема юмора
686 Индексы других классификаций __
2 Код системы rubbks
a Классификационный индекс 84(2=411.2)6-4; ст84(2Рос=Рус)6-4
700 Автор _1
a Фамилия Власов
b Имя П. В.
f Даты 1973-
g Полное личное имя Петр Васильевич
4 Код отношения 070
701 Альтернативная интеллектуальная ответственность _1
a Фамилия Власова
b Имя О. М.
f Даты 1947-
g Полное личное имя Ольга Михайловна
4 Код отношения 070
702 Вторичная интеллектуальная ответственность _1
a Фамилия Гнедкова
b Имя Е. П.
4 Код отношения Художник
g Полное личное имя Елена Петровна
4 Код отношения 040
801 Источник записи _0
a Страна ru
b Организация Муниципальное бюджетное учреждение культуры "Централизованная библиотечная система" г. Сургут (Центральная городская библиотека им. А. С. Пушкина)
c Дата составления 20180316
g Правила каталогизации rpk
801 Источник записи _1
a Страна ru
b Организация Муниципальное бюджетное учреждение культуры "Централизованная библиотечная система" г. Сургут (Центральная городская библиотека им. А. С. Пушкина)
c Дата составления 20180316
g Правила каталогизации rpk
852 Данные о местонахождении __
j Шифр хранения 84(2=411.2)6-4
i Авторский знак В 58
901 Тип документа __
t Тип документа m
a Ответственный КиК/Трушникова
903 Характеристики (МАРС) __
a Дата передачи 20180712
969 Тип издания __
a Тип издания издание для детей
990 Данные о заказе (DOS) __
j Количество экземпляров (DOS) 10
t N записи в КСУ для И/У (DOS) 201808